| 000 | 01107nac a22002531u 4500 | ||
|---|---|---|---|
| 010 | _a 2001017856 | ||
| 020 | _a0471211249 (electronic bk.) | ||
| 020 | _a0471390577 (pbk.) | ||
| 082 | 0 | 0 |
_a006.7 _bWAN |
| 090 |
_c5537 _d5537 |
||
| 100 | _aWands, Bruce. | ||
| 245 | 1 | 0 |
_aDigital creativity : _btechniques for digital media and the internet / _cBruce Wands. |
| 260 |
_aNew York : _bWiley,c2002. _cc2002. |
||
| 300 |
_axvii, 326 p., [32] p. of plates : _bill. (some col.) ; _c23 cm. |
||
| 500 | _aDistributer : Al-Ahram. | ||
| 504 | _aIncludes bibliographical references and index. | ||
| 511 | _aCatalogued By : Mahitab. | ||
| 650 | 0 | _aMultimedia systems. | |
| 650 | 0 |
_aWeb sites _xDesign. |
|
| 856 | 4 | 1 | _uhttp://www.netLibrary.com/urlapi.asp?action=summary&v=1&bookid=63087 |
| 856 | 4 | 1 |
_3Publisher description _uhttp://www.loc.gov/catdir/description/wiley0310/2001017856.html |
| 856 | 4 | 1 |
_3Table of Contents _uhttp://www.loc.gov/catdir/toc/onix07/2001017856.html |
| 942 |
_cBB _k006.7WAN |
||
| 999 |
_c5537 _d5537 |
||